Sports Quiz

Random Sports Quiz

Wrestlemania Main Events Quiz Stats

 Plays Quiz not verified by Sporcle

Challenge
Share
Tweet
Embed
Score 0/57 Timer 07:00
0 Plays Today
% Correct
Hulk Hogan
99.1%
Hulk Hogan
99.1%
Hulk Hogan
99.1%
Hulk Hogan
99.1%
Hulk Hogan
99.1%
Hulk Hogan
99.1%
Hulk Hogan
99.1%
Hulk Hogan
99.1%
Shawn Michaels
98.2%
Undertaker
98.2%
Shawn Michaels
98.2%
Shawn Michaels
98.2%
Undertaker
98.2%
Shawn Michaels
97.8%
Triple H
97.3%
Triple H
97.3%
Triple H
97.3%
Triple H
97.3%
Triple H
97.3%
Triple H
97.3%
Stone Cold Steve Austin
96.2%
Stone Cold Steve Austin
96.2%
Stone Cold Steve Austin
96.2%
The Rock
96%
The Rock
96%
The Rock
96%
Andre the Giant
95.8%
Randy Savage
94.7%
Randy Savage
94.7%
% Correct
John Cena
94.5%
John Cena
94.5%
Bret Hart
94.2%
Bret Hart
94.2%
Randy Orton
92.7%
Ultimate Warrior
91.2%
Mr. T
87.4%
Roddy Piper
86.9%
Yokozuna
86.7%
Yokozuna
86.7%
Batista
86.5%
Edge
85.6%
Chris Benoit
85.4%
Kurt Angle
84.5%
Big Show
84.1%
Chris Jericho
82.1%
Mick Foley
80.1%
King Kong Bundy
79.4%
Brock Lesnar
79.4%
Sgt. Slaughter
79.2%
Sid
79%
Sid
79%
Ted Dibiase
77.7%
Paul Orndorff
74.6%
Bam Bam Bigelow
66.8%
Lawrence Taylor
66.2%
Undertaker
48.2%
Shawkn Michaels
44.9%

You're not logged in!

Compare scores with friends on all Sporcle quizzes.
OR
Log In

You Might Also Like...

Show Comments

Extras

Created Sep 26, 2009ReportNominate
Tags:event, wrestlemania

Top Quizzes Today


Score Distribution

Your Account Isn't Verified!

In order to create a playlist on Sporcle, you need to verify the email address you used during registration. Go to your Sporcle Settings to finish the process.

Report this User

Report this user for behavior that violates our Community Guidelines.

Details: